Multiple Choice City Quiz – Taipei - Statistics

General Stats
  • This quiz has been taken 27 times
    25 since last reset
  • The average score is 5 of 10
Answer Stats
Question Answer % Correct
What is the tallest building in Taipei? Taipei 101
91%
Which of these landmarks is a memorial to a former leader of Taiwan? Chiang Kai-shek Memorial Hall
87%
What is a famous dish associated with Taipei's street food? Beef Noodle Soup
65%
What is the famous night market in Taipei known for its street food? Shilin Night Market
61%
What major international event did Taipei host in 2017? Summer Universiade
61%
What is the nickname of Taipei? The Heart of Taiwan
52%
Which river flows through Taipei? Keelung River
30%
Which festival is Taipei famous for hosting every year? Lantern Festival
26%
Which of these is a major temple in Taipei? Tianhou Temple
22%
What historic district in Taipei is known for its preserved Japanese colonial architecture? Dadaocheng
17%
No matching quizzes found
Score Distribution
Percent of People with Each Score
Percentile by Number Answered
Your Score History
You have not taken this quiz since the last reset